| 000 | 00863aam a2200325a 44500 | ||
|---|---|---|---|
| 008 | 930106s1983 cat | ||
| 041 | _acat | ||
| 080 | _a796.52(038) | ||
| 110 |
_aEscola Catalana d'Espeleologia _966801 |
||
| 245 | _aVocabulari bàsic de tecnologia i material de l'exploració subterrània | ||
| 245 | _cEscola Catalana d'Espeleologia. | ||
| 260 | _a[S.l.] | ||
| 260 | _bEscola Catalana d'Espeleologia | ||
| 260 | _c1983 | ||
| 300 |
_a[22]p. _bil. _c30 cm |
||
| 500 | _aExemplar fotocopiat | ||
| 500 | _aSinònims | ||
| 520 | _aaprox. 310 | ||
| 546 | _acatalà | ||
| 591 | _a3001 | ||
| 592 | _aObra terminològica | ||
| 593 | _aVOB | ||
| 594 | _a3001 | ||
| 650 |
_aespeleologia _966604 |
||
| 901 | _c<1983> | ||
| 902 | _a930106 | ||
| 942 |
_cMO _n0 |
||
| 999 |
_c55608 _d55608 |
||